000 00380nam a2200133Ia 4500
008 220204s9999 xx 000 0 und d
082 _a631:016
_bSAT
245 0 _aAgriculture: a bibliography.
260 _aNew Delhi
_bIndian documentation service
_c1977
490 _aSubject bibliography series; 3
650 _aAgriculture bibliography
700 _aSATYAPRAKASH
942 _cBK
999 _c31260
_d31260